Historical Women Picture Quiz - Statistics

General Stats
  • This quiz has been taken 128 times
  • The average score is 8 of 16
Answer Stats
Picture Answer % Correct
Mother Teresa
98%
Nefertiti
81%
Indira Gandhi
63%
Lucille Ball
58%
Catherine the Great
57%
Eleanor Roosevelt
57%
Harriet Tubman
57%
Amelia Earhart
51%
Golda Meir
48%
Benazir Bhutto
44%
Boudica
43%
Sacagawea
42%
Greta Garbo
38%
Ada Lovelace
21%
Eva Peron
21%
Theodora
15%
No matching quizzes found
Score Distribution
Percent of People with Each Score
Percentile by Number Answered
Your Score History
You have not taken this quiz